Statistiche per Capoluoghi che iniziano con la B

Clicka qui per fare il quiz!

Statistiche generali

  • Questo quiz è stato fatto 46 volte
  • Il punteggio medio è 9 su 10

Statistiche sulle risposte

Popolazione (ab.)RegioneCapoluogo% Corretto
322 018PugliaBari
100%
390 924Emilia-RomagnaBologna
95%
94 410PugliaBarletta
92%
59 522CampaniaBenevento
92%
107 519Trentino-Alto AdifeBolzano
87%
200 473LombardiaBrescia
87%
35 710VenetoBelluno
85%
121 368LombardiaBergamo
85%
44 098PiemonteBiella
82%
86 968PugliaBrindisi
77%

Distribuzione punteggi

Percentile per numero di risposta

Percentuale di utenti per punteggio

I tuoi punteggi nel tempo

Non hai fatto questo quiz